000 00570nam a22001817a 4500
005 20241215154511.0
008 241215b |||||||| |||| 00| 0 eng d
020 _a9780397549436
050 _aQP34.5
_b.M48
100 _aMemmler, Ruth L.
245 _aWorkbook for the Human Body in Health and Disease/
_cRuth L. Memmler, Barbara J. Cohen & Dena L. Wood
250 _a7th ed.
260 _aPhiladelphia
_bJ. B. Lippincott Company
_c1992
300 _aviii.301p.
_bill.
_c25cm
700 _aCohen, Barbara J.
700 _aWood, Dena Wood
942 _2lcc
_cBK
_e7th ed.
_n0
999 _c2286
_d2286